Estatísticas para Cultura Geral

Clique aqui para jogar o quiz

Estatísticas Gerais

  • Esse quiz foi jogado 29 vezes
  • A pontuação média é 8 de 15

Estatísticas das Respostas

HintResposta% Correto
O que você encontra em um zoológico?Animais
100%
Qual cidade sul-americana tem a festa de carnaval mais conhecida?Rio de Janeiro
92%
A anemia pode ser causada por uma deficiência de qual mineral dietético?Ferro
80%
Que comida japonesa são fatias de peixe cru, sem arroz?Sashimi
76%
Qual é o termo para um conjunto de três filmes ou romances?Trilogia
76%
Que tipo de produto alimentar é Gorgonzola?Queijo
72%
Em que tipo de fábrica a Oompa Loompas trabalha?Chocolate
68%
Quem fundou a Armani em 1975?Giorgio Armani
64%
Quem fundou a Versace em 1978?Gianni Versace
56%
Que empresa automobilística (abreviatura A.R.) foi fundada em Milão em 1910?Alfa Romeo
40%
Em que estado dos EUA fica a sede da Pizza Hut?Texas
40%
Qual é o rio sagrado dos hindus?Rio Ganges
32%
Que prato típico de arroz obtém sua cor amarela do açafrão?Risoto
20%
Em que país fica o restaurante mais antigo do mundo?Espanha
12%
Que instrumento de metal usa uma corrediça em vez de válvulas?Trombone
8%

Distribuição das Pontuações

Percentil de Números Respondidos

Porcentagem de Pessoas com Cada Pontuação

Sua Pontuação Histórica

Você não jogou esse quiz